000 01034nam a22003377a 4500
001 BR9801041
003 BR-BrBNA
005 20230928095853.0
007 ta
008 230509b bl.||||| |||| 00| 0 por d
040 _aBR-BrBNA
_bpor
_cBiblioteca Nacional de Agricultura
041 _a(Por)
072 _aC10; E12; E10
090 _ C10 BR9801041
100 1 _aFigueiredo Neto, L.F.
110 1 _aEscola Superior de Agricultura Luiz de Queiroz, Piracicaba, SP (Brasil)
_0Tese (Mestre em Ciencias)
245 1 _aRetornos privados aos investimentos em capital humano: evidencias da PNAD-1995
260 3 _aPiracicaba, SP (Brasil):
_c1997.
300 _a97 p.
500 _aSummaries (Eng, Por); 15 tables; Bibliography p. 79-88
650 _aEconometria
650 _aAnalise Economica
650 _aAprendizagem
650 _aTreinamento
650 _aEducacao
650 _aRecurso Humano
650 _aMercado de Trabalho
650 _aInvestimento
909 _a202309
_bLucia
_c55
_dLucia Elande
942 _cBK
999 _c59135
_d59135